Slováci od víťazstva k víťazstvu 47. MS družstiev v stolnom tenise Doha, 1.-7. marca 2004

Bibliographic Details
Main Author: Lučanič, Ľudovít, 1959- (Author)
Format: Article
Language:Slovak
ISSN:0139-7001
Subjects:

MARC

LEADER 00000nab a2200000 a 4500
001 vtls000865322
003 SK-MaSNL
005 20260302161027.0
008 180206c2004 xo 0 slo
015 |a SNBRB2004/03-07753 
035 |a CLN000216874 
040 |a SNKBUCL  |b slo  |c SNKBUCL  |e AACR2 
041 0 |a slo 
044 |a xo  |c SK 
080 |a 796.386.093.1(100)  |2 UDC-MRF-SK2 
100 1 |a Lučanič, Ľudovít,  |d 1959-  |4 aut  |9 5542 
245 1 0 |a Slováci od víťazstva k víťazstvu  |b 47. MS družstiev v stolnom tenise Doha, 1.-7. marca 2004  |c pripravil Ľudovít Lučanič 
611 1 7 |a Majstrovstvá sveta družstiev v stolnom tenise  |d 2004  |c Doha, Katar  |2 snkbucl  |9 858051 
650 0 7 |a stolný tenis  |2 SNKPH  |9 25562 
655 7 |a články z novín a časopisov  |2 SNK  |9 267496 
773 0 |x 0139-7001  |t Šport  |g Roč. 58, č. 53 (4.3.2004), s. 10 
850 |a Slovenská národná knižnica v Martine 
852 |a SNK  |b KIS3GCP 
958 |a RBX 
999 |c 1376227  |d 1378157